| 000 | 00864nas a2200253 i 4500 | ||
|---|---|---|---|
| 001 | 187307 | ||
| 003 | ES-MaACL | ||
| 005 | 20250729062229.0 | ||
| 008 | 170531d19781979sp a| | ||pa d | ||
| 022 | _a1135-013X | ||
| 080 | _a016:(05)(460) | ||
| 080 | _a015(460) | ||
| 245 | 0 | 0 |
_aRevistas españolas : _brepertorio bibliográfico / _cInstituto Bibliográfico Hispánico. |
| 260 |
_aMadrid : _bMinisterio de Cultura, Subdirección General de Bibliotecas, _c1978-1979. |
||
| 300 |
_a1 v. ; _c24 cm. |
||
| 310 | _aAnual | ||
| 362 | 0 | _a1973/1977-1977/1978. | |
| 650 | 4 |
_aPublicaciones periódicas- _zEspaña- _vBibliografías. _9140171 |
|
| 710 | 0 |
_aEspaña. _bSubdirección General de Bibliotecas. _93991 |
|
| 710 | 2 |
_aInstituto Bibliográfico Hispánico _94801 |
|
| 852 |
_aES-MaACL _jL-906 |
||
| 866 | 0 | _o1977/1978 | |
| 999 |
_c187307 _d187307 |
||